Landkreise und Stadtkreise in Baden (1951) - Statistiken

Allgemein
  • Dieses Quiz wurde 25 mal gespielt
  • Das Durchschnittsergebnis liegt bei 12 aus 21
Antworten auf der Karte
Die Antworten werden auf der Karte rot bzw. grün angezeigt, abhängig davon wie oft sie richtig erraten wurden.
 
Antwortstatistiken
c Antwort % Korrekt
2 Freiburg
95%
1 Baden-Baden
89%
1 Konstanz
89%
2 Konstanz
89%
2 Kehl
79%
2 Lörrach
79%
2 Waldshut
79%
2 Offenburg
74%
2 Rastatt
74%
2 Villingen
63%
2 Emmendingen
58%
1 Freiburg im Breisgau
58%
2 Lahr
58%
2 Überlingen
42%
2 Donaueschingen
32%
2 Müllheim
26%
2 Stockach
26%
2 Bühl
21%
2 Neustadt
21%
2 Säckingen
16%
2 Wolfach
11%
Keine übereinstimmenden Quizze gefunden
Verteilung der Resultate
Anzahl Personen mit jedem Resultat
Perzentil nach korrekt beantworteten Fragen
Ihre Resultats-Entwicklung
Sie haben dieses Quiz noch nicht gespielt